Sổ tay giảng viên : Tài liệu hướng dẫn giảng viên thực hiện học chế tín chỉ
Từ năm 2007-2008, trường Đại học Cần Thơ đã đào tạo theo học chế tín chỉ. Nội dung quyển tài liệu gồm những văn bản, quy định có liên quan đến vai trò, nhiêm vụ của giảng viên, cố vấn học tập, các phương pháp giảng dạy, công cụ hỗ trợ cô...
Guardat en:
| Autor corporatiu: | , |
|---|---|
| Format: | Llibre |
| Idioma: | Undetermined |
| Publicat: |
Cần Thơ
Đại học Cần Thơ
2010
|
| Matèries: | |
| Etiquetes: |
Afegir etiqueta
Sense etiquetes, Sigues el primer a etiquetar aquest registre!
|
| Thư viện lưu trữ: | Trung tâm Học liệu Trường Đại học Cần Thơ |
|---|
| LEADER | 01511nam a2200241Ia 4500 | ||
|---|---|---|---|
| 001 | CTU_170856 | ||
| 008 | 210402s9999 xx 000 0 und d | ||
| 082 | |a 378.199 | ||
| 082 | |b B450 | ||
| 110 | |a Bộ Giáo dục và Đào tạo | ||
| 110 | |b Trường Đại học Cần Thơ | ||
| 245 | 0 | |a Sổ tay giảng viên : | |
| 245 | 0 | |b Tài liệu hướng dẫn giảng viên thực hiện học chế tín chỉ | |
| 245 | 0 | |c Bộ Giáo dục và Đào tạo ; Trường Đại học Cần Thơ | |
| 260 | |a Cần Thơ | ||
| 260 | |b Đại học Cần Thơ | ||
| 260 | |c 2010 | ||
| 520 | |a Từ năm 2007-2008, trường Đại học Cần Thơ đã đào tạo theo học chế tín chỉ. Nội dung quyển tài liệu gồm những văn bản, quy định có liên quan đến vai trò, nhiêm vụ của giảng viên, cố vấn học tập, các phương pháp giảng dạy, công cụ hỗ trợ công tác giảng dạy trong đào tạo theo hệ thống tín chỉ. | ||
| 650 | |a Universities and colleges,Trường đại học và trường cao đẳng,Education, Higher,Giáo dục, Cao học | ||
| 650 | |x Curricula,Evaluation,Đánh giá,Chương trình giảng dạy,Curricula,Chương trình giảng dạy | ||
| 650 | |z Vietnam,Việt Nam,Vietnam,Việt Nam | ||
| 904 | |i K.Mi, Trọng Hiếu | ||
| 980 | |a Trung tâm Học liệu Trường Đại học Cần Thơ | ||